[Event "AUTO-BEG-339"]
[Site "http://www.queenalice.com/game.php?id=649447"]
[Date "2009.9.8"]
[Round "1"]
[White "kleberchagas"]
[Black "lehman"]
[Result "0-1"]
[WhiteElo "1236"]
[BlackElo "1456"]

1. Nh3 d5 2. e3 Bxh3 3. gxh3 e5 4. Bg2 Nf6 5. c3 c6 6. Qb3 Qc7 7. c4 d4 8. exd4
exd4 9. d3 Bd6 10. Na3 O-O 11. c5 Bxc5 12. O-O Bd6 13. f4 Nbd7 14. Rf3 Nd5 15.
Rg3 Nxf4 16. Bxf4 Bxf4 17. Rg4 Bxh2+ 18. Kf1 Nf6 19. Rxd4 Qe5 20. Nc2 Qf5+ 21.
Ke1 Rfe8+ 22. Kd2 Qf2+ 23. Kc3 Qxg2 24. Qxb7 Be5 25. Ne3 Bxd4+ 26. Kxd4 Rad8+
27. Kc4 Rxe3 28. Qxa7 Qd5+ 29. Kc3 Qxd3+ 30. Kb4 Re4+ 31. Kc5 Rd5+ 32. Kxc6 Re6+
33. Kb7 Rd7+ 34. Kb8 Re8# 0-1

[Event "Challenge"]
[Site "http://www.queenalice.com/game.php?id=650051"]
[Date "2009.9.10"]
[Round "-"]
[White "digger"]
[Black "lehman"]
[Result "1-0"]
[WhiteElo "1573"]
[BlackElo "1314"]

1. c3 d5 2. d4 Nf6 3. e3 Bf5 4. Nd2 e6 5. Ngf3 Nbd7 6. Bb5 c6 7. Be2 Bd6 8. Nb3
h6 9. Bd3 Bxd3 10. Qxd3 O-O 11. Bd2 Qb6 12. O-O c5 13. c4 Rac8 14. Rac1 dxc4 15.
Rxc4 cxd4 16. exd4 Rxc4 17. Qxc4 Ne4 18. Qd3 Nxd2 19. Nbxd2 Qxb2 20. Nc4 Qb4 21.
Qc2 Rc8 22. Nfd2 Bf4 23. a3 Qxd2 24. Qxd2 Bxd2 25. Nxd2 Rc2 26. Nf3 Ra2 27. h3
Rxa3 28. Rc1 b6 29. Rc7 Nf6 30. Rc8+ Kh7 31. Rf8 b5 32. Rxf7 b4 33. Rb7 a5 34.
Nd2 Rd3 35. Nc4 Rd1+ 36. Kh2 Nd5 37. Nxa5 Rxd4 38. Nc6 Rf4 39. Nd8 e5 40. Ne6
Rxf2 41. Rxg7+ Kh8 42. h4 Nf4 43. Rg4 Nxe6 44. Kg3 Rb2 45. Re4 1-0

[Event "Challenge"]
[Site "http://www.queenalice.com/game.php?id=650052"]
[Date "2009.9.10"]
[Round "-"]
[White "lehman"]
[Black "digger"]
[Result "1-0"]
[WhiteElo "1539"]
[BlackElo "1526"]

1. e4 e5 2. Nf3 d6 3. d4 Nc6 4. Bb5 Nf6 5. d5 a6 6. Be2 Be7 7. dxc6 bxc6 8. Nc3
O-O 9. O-O d5 10. Bd3 dxe4 11. Nxe4 Bf5 12. Nxf6+ Bxf6 13. Bxf5 Re8 14. Qxd8
Rexd8 15. Bg5 Bxg5 16. Nxg5 Rd5 17. Rad1 Rad8 18. Bxh7+ Kf8 19. Rxd5 Rxd5 20.
Bd3 e4 21. Nxe4 f5 22. Ng5 f4 23. Ne6+ Kg8 24. Nxf4 Rd6 25. Re1 Kf7 26. Bxa6 Rf6
27. g3 c5 28. Bc4+ Kf8 29. Ne6+ Kg8 30. Nxc5+ Kh7 31. a4 Rc6 32. b4 Rd6 33. a5
Rd8 34. a6 c6 35. Re7 Kh8 36. Ne6 Rd1+ 37. Kg2 Kh7 38. a7 Ra1 39. Nc7 Rxa7 40.
Bd3+ Kh6 41. Re6+ Kh5 42. Be2+ Kg5 43. h4+ Kf5 44. Kh3 1-0

[Event "Let's Play Chess!"]
[Site "http://www.queenalice.com/game.php?id=650273"]
[Date "2009.9.10"]
[Round "-"]
[White "HuGeRoOsTeR"]
[Black "lehman"]
[Result "1-0"]
[WhiteElo "1501"]
[BlackElo "1516"]

1. e4 c6 2. d4 d5 3. Nc3 dxe4 4. Nxe4 Bf5 5. Ng3 Bg6 6. h4 h6 7. Nf3 Nd7 8. Bd3
Bxd3 9. Qxd3 e6 10. Bf4 Ngf6 11. Ne5 Nxe5 12. Bxe5 Bb4+ 13. Kd1 O-O 14. a3 Bd6
15. Bxd6 1-0

[Event "Let's Play Chess!"]
[Site "http://www.queenalice.com/game.php?id=650274"]
[Date "2009.9.10"]
[Round "-"]
[White "lehman"]
[Black "HuGeRoOsTeR"]
[Result "0-1"]
[WhiteElo "1554"]
[BlackElo "1463"]

1. e4 e5 2. Nf3 Nc6 3. Bb5 Bb4 4. c3 Nf6 5. cxb4 Nxe4 6. O-O O-O 7. Re1 d5 8.
Bxc6 bxc6 9. Nxe5 Qh4 10. Qf3 Nxf2 11. Qxf2 Qxb4 12. Nxc6 Bd7 13. Nxb4 c6 14.
Re7 Bg4 0-1

[Event "Let's Play Chess!"]
[Site "http://www.queenalice.com/game.php?id=650275"]
[Date "2009.9.10"]
[Round "-"]
[White "lehman"]
[Black "HuGeRoOsTeR"]
[Result "0-1"]
[WhiteElo "1422"]
[BlackElo "1518"]

1. e4 e5 2. Nf3 Nc6 3. Bb5 Bb4 4. c3 Ba5 5. O-O Nf6 6. Re1 O-O 7. d4 d5 8. exd5
Qxd5 9. Ba4 exd4 10. Bxc6 bxc6 11. Qxd4 Be6 12. Re5 Qd6 13. Qxd6 cxd6 14. Rxa5
Bg4 15. Nbd2 Rae8 0-1

[Event "Let's Play Chess!"]
[Site "http://www.queenalice.com/game.php?id=650276"]
[Date "2009.9.10"]
[Round "-"]
[White "lehman"]
[Black "Murderface"]
[Result "0-1"]
[WhiteElo "1425"]
[BlackElo "1758"]

1. e4 c6 2. Nf3 d5 3. exd5 cxd5 4. d4 Bg4 5. h3 Bxf3 6. Qxf3 e6 7. Bd3 Be7 8.
O-O Nf6 9. Bg5 O-O 10. Nd2 Nbd7 11. Qg3 Re8 12. Bh6 Bf8 13. Rfe1 g6 14. Bxf8
Rxf8 15. Nf3 Nh5 0-1

[Event "Let's Play Chess!"]
[Site "http://www.queenalice.com/game.php?id=650280"]
[Date "2009.9.10"]
[Round "-"]
[White "HuGeRoOsTeR"]
[Black "lehman"]
[Result "1-0"]
[WhiteElo "1483"]
[BlackElo "1534"]

1. e4 c6 2. d4 d5 3. Nc3 dxe4 4. Nxe4 Bf5 5. Ng3 Bg6 6. h4 h6 7. Nf3 Nd7 8. Bd3
Bxd3 9. Qxd3 e6 10. Bf4 Ngf6 11. Ne5 Nd5 12. Qe4 Bb4+ 13. Kd1 f5 14. Nxf5 exf5
15. Qxf5 1-0

[Event "Let's Play Chess!"]
[Site "http://www.queenalice.com/game.php?id=651461"]
[Date "2009.9.13"]
[Round "-"]
[White "elche"]
[Black "lehman"]
[Result "1-0"]
[WhiteElo "1692"]
[BlackElo "1316"]

1. e4 c6 2. Nf3 d5 3. exd5 cxd5 4. Bb5+ Bd7 5. Bxd7+ Nxd7 6. O-O e6 7. d4 Ngf6
8. Bg5 Be7 9. c3 h6 10. Bxf6 Bxf6 11. Re1 O-O 12. Ne5 Nxe5 13. dxe5 Bg5 14. Nd2
Qb6 15. Nf3 Be7 16. b3 Rac8 17. Rc1 Rc5 18. Nd4 Rfc8 19. Ne2 Bg5 20. Rc2 Qa6 21.
a4 Qb6 22. Qb1 f6 23. b4 1-0

[Event "Let's Play Chess!"]
[Site "http://www.queenalice.com/game.php?id=653345"]
[Date "2009.9.16"]
[Round "-"]
[White "lehman"]
[Black "basti822"]
[Result "0-1"]
[WhiteElo "1499"]
[BlackElo "1713"]

1. e4 g6 2. d4 c5 3. c3 cxd4 4. cxd4 Qa5+ 5. Bd2 Qb6 6. Bc3 Bg7 7. Nf3 d6 8. h3
Nc6 9. Qd2 e5 10. d5 Nd4 11. Nxd4 exd4 12. Bb4 a5 13. Ba3 Be5 14. Bd3 Bd7 15.
Qe2 Nf6 16. Nd2 O-O 17. Nc4 Qc7 18. Nxe5 dxe5 19. Bxf8 Rxf8 20. O-O Nh5 0-1

[Event "Let's Play Chess!"]
[Site "http://www.queenalice.com/game.php?id=653346"]
[Date "2009.9.16"]
[Round "-"]
[White "basti822"]
[Black "lehman"]
[Result "1-0"]
[WhiteElo "1720"]
[BlackElo "1492"]

1. e4 c6 2. Bc4 d5 3. exd5 cxd5 4. Bb5+ Bd7 5. Qe2 a6 6. Bxd7+ Qxd7 7. Nf3 Nc6
8. O-O Nf6 9. c3 e6 10. d3 Bd6 11. Nh4 O-O 12. Bg5 Qc7 13. g3 Nd7 14. Qg4 Nde5
15. Qe2 Rfe8 16. Bf4 Qb6 17. d4 Nc4 18. Bxd6 Nxd6 19. b4 1-0